Catálogo público

Variedades mexicanas de cebada / (Record no. 178293)

MARC details
000 -CABECERA
campo de control de longitud fija 00672nam a2200241Ia 4500
001 - NÚMERO DE CONTROL
campo de control dia_7040
003 - IDENTIFICADOR DEL NÚMERO DE CONTROL
campo de control CHAP
008 - DATOS DE LONGITUD FIJA--INFORMACIÓN GENERAL
campo de control de longitud fija 220117s1973 xx 000 0 und d
010 ## - NÚMERO DE CONTROL DE LA BIBLIOTECA DEL CONGRESO
Número de control de LC 178293
040 ## - FUENTE DE LA CATALOGACIÓN
Centro/agencia transcriptor CHAP
090 ## - LOCALMENTE ASIGNADO TIPO-LC NÚMERO DE CLASIFICACIÓN (OCLC); NÚMERO DE CLASIFICACIÓN LOCAL (RLIN)
Número de clasificación (OCLC) (R) ; Numero de clasificación, CALL (RLIN) (NR) F 375 1973
100 ## - ENTRADA PRINCIPAL--NOMBRE DE PERSONA
Nombre de persona Riojas G., Enrique
9 (RLIN) 162875
245 ## - MENCIÓN DE TÍTULO
Título Variedades mexicanas de cebada /
Mención de responsabilidad, etc. Enrique Riojas G.
260 ## - PUBLICACIÓN, DISTRIBUCIÓN, ETC.
Lugar de publicación, distribución, etc. México :
Nombre del editor, distribuidor, etc. SAG. Instituto Nacional de Investigaciones Agrícolas,
Fecha de publicación, distribución, etc. 1973
300 ## - DESCRIPCIÓN FÍSICA
Extensión 20 p.
440 ## - MENCIÓN DE SERIE/PUNTO DE ACCESO ADICIONAL--TÍTULO
Título Folleto de divulgación ; 49
9 (RLIN) 162876
901 ## - ELEMENTOS DE DATOS A LOCAL LDA (RLIN)
a F 375 1973
902 ## - ELEMENTOS DE DATOS B LOCAL, LDB (RLIN)
a M
905 ## - ELEMENTOS DE DATOS E LOCAL, LDE (RLIN)
a 0000001973 MX 0000000000SPA00
942 ## - ELEMENTOS DE PUNTO DE ACCESO ADICIONAL (KOHA)
Tipo de ítem Koha 12
942 ## - ELEMENTOS DE PUNTO DE ACCESO ADICIONAL (KOHA)
Tipo de ítem Koha 12
Holdings
Estado de retiro Estado de pérdida Fuente del sistema de clasificación o colocación Estado dañado Restricciones de uso No para préstamo Código de colección Localización permanente Ubicación/localización actual Ubicación en estantería Fecha de adquisición Información codificada de la localización en otra ubicación Total de préstamos Código de barras Fecha visto por última vez Número de copia Precio válido a partir de Tipo de ítem Koha
    Clasificación Universidad Autónoma de Chapingo   Préstamo interno   Folletos Ingenieria Agroindustrial Ingenieria Agroindustrial   18/01/2022 12   dia_012236 18/01/2022 1 18/01/2022 Folleto